ASME 2015 International Mechanical Engineering Congress and Exposition - Volume 2B: Advanced Manufacturing

Detalles Bibliográficos
Formato: Electrónico Revista
Idioma:English
Publicado: ASME
Acceso en liña:Full text available on ASME[2015-2015]
Off-campus access
LEADER 01001cas a2200181 a 4500
001 AALConferenceProceedingsASME000364
008 230101c9999 xx r poo 0 0eng d
020 |a 978-0-7918-5736-6 
040 |a BD-DhAAL  |c BD-DhAAL 
245 0 0 |h [electronic resource]  |a ASME 2015 International Mechanical Engineering Congress and Exposition - Volume 2B: Advanced Manufacturing 
260 |b ASME 
300 |a 1 online resource 
500 |a <strong>Off-Campus Access:</strong> Athens ID and Password Required 
500 |a <strong>On-Campus Access:</strong> No User ID or Password Required 
506 |a Electronic access restricted to authorized BRAC University faculty, staff and students 
538 |a Mode of access: Internet 
856 4 0 |z Full text available on ASME[2015-2015]  |u https://asmedigitalcollection.asme.org/IMECE/IMECE2015/volume/57366 
856 4 0 |z Off-campus access  |u https://go.openathens.net/redirector/bracu.ac.bd?url=https%3A%2F%2Fasmedigitalcollection.asme.org%2FIMECE%2FIMECE2015%2Fvolume%2F57366